000
00295nam a22001337a 4500
008
181122b xxu||||| |||| 00| 0 eng d
041
_a
eng
080
_a
610.73
082
_a
610.73
100
_a
1
101
_a
INF
245
_a
Pain Menagment Nursing
_c
Willens.J.S
942
_2
udc
_c
BK
999
_c
52346
_d
52346